000 00336nam a2200133Ia 4500
008 240624s9999 xx 000 0 und d
041 _aeng
082 _a303.48 RIT
100 _aRITZER GEORGE
245 _aGLOBALIZATION OF NOTHING 2
260 _c2007
_aLondon
_bPine Forge Press
300 _axi, : 249 : p. : cm. ; 22
365 _c
_b30
999 _c9147
_d9147